Monikolliset valtioiden nimet - Statistics

Yleistilastot
  • Tätä visaa on pelattu 665 kertaa
  • Keskiarvotulos 7 / 11
Vastaustilastot
Vastaus % Oikein
Yhdysvallat
87%
Marshallinsaaret
80%
Yhdistyneet arabiemiirikunnat
80%
Salomonsaaret
78%
Seychellit
75%
Komorit
67%
Filippiinit
65%
Malediivit
65%
Alankomaat
61%
Saint Vincent ja Grenadiinit
47%
Kuwait
44%
Ehtoja vastaavia visoja ei löytynyt
Tulosjakauma
Jokaisen tuloksen saaneiden osuus
Persentiili vastausten määrän mukaan
Tuloshistoriasi
Et ole pelannut tätä visaa